| 000 | 01284nam a2200301Ia 4500 | ||
|---|---|---|---|
| 001 | ebr10364831 | ||
| 003 | CaPaEBR | ||
| 006 | m u | ||
| 007 | cr cn||||||||| | ||
| 008 | 110608s2009 dcua sb i000 0 eng d | ||
| 040 |
_aCaPaEBR _cCaPaEBR |
||
| 035 | _a(OCoLC)671571359 | ||
| 050 | 1 | 4 |
_aHG230.3 _b.Y44 2009eb |
| 100 | 1 | _aYehoue, Etienne B. | |
| 245 | 1 | 0 |
_aEmerging economy responses to the global financial crisis of 2007-09 _h[electronic resource] : _ban empirical analysis of the liquidity easing measures / _cEtienne B. Yehoue. |
| 260 |
_a[Washington, D.C.] : _bInternational Monetary Fund, _c2009. |
||
| 300 |
_a34 p. : _bill. |
||
| 490 | 1 |
_aIMF working paper ; _vWP/09/265 |
|
| 504 | _aIncludes bibliographical references. | ||
| 533 |
_aElectronic reproduction. _bPalo Alto, Calif. : _cebrary, _d2013. _nAvailable via World Wide Web. _nAccess may be limited to ebrary affiliated libraries. |
||
| 650 | 0 | _aMonetary policy. | |
| 650 | 0 | _aBanks and banking, Central. | |
| 655 | 7 |
_aElectronic books. _2local |
|
| 710 | 2 | _aInternational Monetary Fund. | |
| 710 | 2 | _aebrary, Inc. | |
| 830 | 0 |
_aIMF working paper ; _vWP/09/265. |
|
| 856 | 4 | 0 |
_uhttp://site.ebrary.com/lib/rucke/Doc?id=10364831 _zAn electronic book accessible through the World Wide Web; click to view |
| 999 |
_c215562 _d215562 |
||